Discos de Gustavo Cerati - Estadísticas

Estadísticas generales
  • Esta prueba ha sido intentada 44 veces
  • La puntuación promedio es 12 de 16
Estadísticas de respuestas
Año Proyecto Respuesta % Correcto
1984 Soda Stereo Soda Stereo
95%
1990 Soda Stereo Canción animal
92%
2009 Solista Fuerza natural
92%
1999 Solista Bocanada
90%
1993 Solista Amor amarillo
87%
1985 Soda Stereo Nada personal
87%
1986 Soda Stereo Signos
87%
2006 Solista Ahí Vamos
82%
1992 Soda Stereo Dynamo
82%
1988 Soda Stereo Doble vida
79%
2002 Solista Siempre es hoy
79%
1995 Soda Stereo Sueño Stereo
77%
1992 Solista/DanielMelero Colores santos
74%
2001 Solista/Bandasonora + Bien
69%
1999 Ócio Medida universal
13%
1996 Plan V Hábitat individual
8%
No se encontraron pruebas coincidentes
Distribución de puntuación
Porcentaje de gente con cada puntuación
Porcentaje por número respondido
Historial de tus puntuaciones
No has intentado esta prueba.